| 000 | 00977nam a2200193 a 4500 | ||
|---|---|---|---|
| 008 | 070404s2003 ||||||||||||||||| || u | ||
| 050 | _aUSAID(02) | ||
| 110 | _aUnited States Agency for International Development (USAID) | ||
| 245 | 1 | 0 |
_aMultisectoral responses to HIV/AIDS _cby the U. S. Agency for International Development(USAID) |
| 246 | _aa compendium of promising practices from Africa | ||
| 260 |
_aWashington, D. C. _bAcademy for Educational Development _c2003 |
||
| 300 | _aviii,100p.; ill. | ||
| 350 | _a0.00 | ||
| 500 | _aUSAID-PVO steering committee on multisectoral approaches to HIV/AIDS.U. S. Agency for international development, bureau for Africa, office of sustainable development | ||
| 650 | _aHEALTH | ||
| 650 | _aHIV/AIDS--AFRICA | ||
| 650 | _aHUMAN DEVELOPMENT--HIV AND AIDS | ||
| 995 |
_D0.00 _FCBU-MAIN LIBRARY (Kitwe) _H1 _I0.00 _M1 _UAVAILABLE _WApr 4, 2007 _ZInternational Publications |
||
| 999 |
_c51811 _d51811 |
||